| 000 | 00620nam a2200229Ia 4500 | ||
|---|---|---|---|
| 003 | OSt | ||
| 005 | 20220924122433.0 | ||
| 006 | a|||||r|||| 00| 0 | ||
| 007 | ta | ||
| 008 | 220923b |||||||| |||| 00| 0 urd d | ||
| 024 | _a316392 | ||
| 037 | _cTextual | ||
| 040 |
_aARTS _cARTS _burd |
||
| 041 |
_2urd _aurd |
||
| 082 | _aO168,1M79,16, J9 | ||
| 100 |
_aKashmiri Agha Hashar _9186487 |
||
| 245 | 0 | _aShaheed-e-Naaz | |
| 260 |
_aLahore _bUrdu Markaz Pakistan _c1959 |
||
| 650 | _aURDU DRAMA | ||
| 942 |
_hO168,1M79,16, J9 _cTEXL _2CC |
||
| 999 |
_c411644 _d411644 |
||